000 00358nam a2200145Ia 4500
008 230917s9999||||xx |||||||||||||| ||und||
040 _e48976
_aMAIN
041 _aEnglish
082 _a954.03 A19H
100 _aAdams, W H Davenport
245 0 _aHistory of India
260 _aNew Delhi
_bAtlantic Publishers
_c1989
300 _axvi, 482 p.
942 _cBK
999 _c63894
_d63894